The heritage of American social work : (Record no. 463)

MARC details
000 -LEADER
fixed length control field 00591nam a2200181 a 4500
005 - DATE AND TIME OF LATEST TRANSACTION
control field 20260322212021.0
008 - FIXED-LENGTH DATA ELEMENTS--GENERAL INFORMATION
fixed length control field data
010 ## - LIBRARY OF CONGRESS CONTROL NUMBER
LC control number 61-8989
090 ## - LOCALLY ASSIGNED LC-TYPE CALL NUMBER (OCLC); LOCAL CALL NUMBER (RLIN)
Classification number (OCLC) (R) ; Classification number, CALL (RLIN) (NR) HV 91 P969 1961
001 - CONTROL NUMBER
control field data
100 1# - MAIN ENTRY--PERSONAL NAME
Personal name Pumphrey, Ralph E.
245 14 - TITLE STATEMENT
Title The heritage of American social work :
Remainder of title readings in its philosophical and institutional development /
Statement of responsibility, etc. Ralph E. Pumphrey & Muriel Pumphrey.
260 ## - PUBLICATION, DISTRIBUTION, ETC.
Place of publication, distribution, etc. New York
Name of publisher, distributor, etc. Columbia University Press
Date of publication, distribution, etc. c1961
300 ## - PHYSICAL DESCRIPTION
Extent 452 p.
650 02 - SUBJECT ADDED ENTRY--TOPICAL TERM
Topical term or geographic name entry element Charities
Geographic subdivision United States
General subdivision history
650 #4 - SUBJECT ADDED ENTRY--TOPICAL TERM
Topical term or geographic name entry element Public welfare
Geographic subdivision United States
General subdivision history
700 1# - ADDED ENTRY--PERSONAL NAME
Personal name Pumphrey, Muriel
Fuller form of name (Warren)
Holdings
Withdrawn status Lost status Damaged status Not for loan Home library Current library Shelving location Date acquired Total checkouts Full call number Barcode Date last seen Price effective from Koha item type
        Centerville Centerville General stacks 22/03/2026   GEN BC0010474 22/03/2026 22/03/2026 Books